00543nam a2200193 a 4500001001300000003000900013005001700022008004100039020002300080082001600103100002000119245007300139260004000212300000900252500003500261505001000296650002300306700002000329nice12345678IN_TiNIC20260116012502.0070821s1991 chia grp 000 0 eng  a0929587634 c10000a297.09bAKH aAkhtar, Shabbir aA Faith for All SeasonsbIslam and the Challenge of the Modern World aChicagobIvan R Dee Publisherc1991 a251p aincludes index and biblioraphy2 aIndex aIslam-20th Century1 aAkhtar, Shabbir